000 01497nam0a2200361 4500
001 RU\NLR\bibl\452768
005 20250623182050.0
021 _aRU
_b2003-36067
_91712
035 _a(NLR Aleph) 000446386
090 _a846149
_c846149
100 _a20031021d2003 |||y0rusy50 ca
101 0 _arus
102 _aRU
105 _ay |||||||||
200 1 _aТеория бухгалтерского учета
_eУчеб. пособие
_fН. Н. Шишкоедова
210 _aМ.
_cВершина
_d2003
215 _a411 с.
_d21
225 1 _aБухгалтерская панорама
225 1 _aЭнциклопедия менеджмента
606 0 _aБухгалтерский учет
_jРуководства, пособия и т.п. для высшей школы
_xТеория
_yРоссийская Федерация
_92099027
_3RU\NLR\auth\661269707
606 0 _aБухгалтерский учет
_jУчебные издания для высших учебных заведений
_xТеория
_yРоссийская Федерация
_92099027
_3RU\NLR\auth\661269707
610 0 _aБухгалтерский учет
675 _a657.1(075.8)
_v3
_zrus
686 _a06.75
_2rugasnti
686 _a65.052я73
_2rubbk
686 _aУ052.9(2)2я73
700 1 _aШишкоедова
_bН. Н.
_4070
801 0 _aRU
_bRKP
_c20031021
_gPSBO
801 1 _aRU
_bRKP
_c20031021
801 2 _aRU
_bNLR
_c20031114
_grcr
942 _cBOOK
980 _aNB